Regional development as a presumption of general development of society

Vymedzenie možných prístupov regionálneho rozvoja. Charakteristika a porovnanie úrovne regionálnej politiky v Európskej únii a v ČR. Vytváranie potrebných predpokladov pre uplatňovanie princípov účelnej regionálnej politiky. Štruktúrna a regionálna politika EÚ. Regionálna politika ČR.

Salvato in:
Dettagli Bibliografici
Autore principale: Homolka, Jaroslav
Natura: Capitolo di libro
Lingua:inglese
Soggetti:
Tags: Aggiungi Tag
Nessun Tag, puoi essere il primo ad aggiungerne!!

MARC

LEADER 00000naa a2200000 4500
001 r045125
005 20231004091238.2
041 0 |a eng 
044 |a CZ 
245 1 0 |a Regional development as a presumption of general development of society  |c Jaroslav Homolka 
520 |a Vymedzenie možných prístupov regionálneho rozvoja. Charakteristika a porovnanie úrovne regionálnej politiky v Európskej únii a v ČR. Vytváranie potrebných predpokladov pre uplatňovanie princípov účelnej regionálnej politiky. Štruktúrna a regionálna politika EÚ. Regionálna politika ČR. 
610 2 0 |a politika regionálna 
610 2 0 |a politika štruktúrna 
610 2 0 |a Európska únia 
610 2 0 |a Česko 
610 2 0 |a rozvoj regionálny 
610 2 0 |a fondy štruktúrne 
610 2 0 |a rozvoj hospodársky 
610 2 0 |a euroregióny 
610 2 0 |a porovnanie medzinárodné 
610 2 0 |a teórie rozvoja regionálneho 
100 1 |a Homolka, Jaroslav